Logistics Support Traning Design Development (Record no. 23763)

000 -LEADER
fixed length control field 00343nam a22001217a 4500
008 - FIXED-LENGTH DATA ELEMENTS--GENERAL INFORMATION
fixed length control field 140106b xxu||||| |||| 00| 0 eng d
010 ## - LIBRARY OF CONGRESS CONTROL NUMBER
LC control number 92-8805
020 ## - INTERNATIONAL STANDARD BOOK NUMBER
International Standard Book Number 0070038430
Terms of availability Available
082 ## - DEWEY DECIMAL CLASSIFICATION NUMBER
Classification number 355.41107BAR
Author Mark 02507
100 ## - MAIN ENTRY--PERSONAL NAME
Miscellaneous information HB,328p
245 ## - TITLE STATEMENT
Title Logistics Support Traning Design Development
Statement of responsibility, etc. Barnes Teddy A
260 ## - PUBLICATION, DISTRIBUTION, ETC.
Place of publication, distribution, etc. USA
Name of publisher, distributor, etc. McGraw-Hill
Date of publication, distribution, etc. 1992
Holdings
Withdrawn status Lost status Source of classification or shelving scheme Damaged status Not for loan Permanent Location Current Location Shelving location Date acquired Total Checkouts Full call number Barcode Date last seen Price effective from Koha item type
          School of Interdisciplinary Engineering and Sciences (SINES) School of Interdisciplinary Engineering and Sciences (SINES) General Stacks 01/06/2014   355.41107BAR RCMS02507 01/06/2014 01/06/2014 Book
© 2023 Central Library, National University of Sciences and Technology. All Rights Reserved.